000 00538nam a2200205Ia 4500
005 20260429112038.0
008 260429s9999||||xx |||||||||||||| ||und||
020 _a9781806960675
041 _aEnglish
082 _a910.285
_bROC
100 _aRocha, Jorge
245 0 _aRemote sensing and geo-informatics /
_cJorge Rocha
260 _aLondon :
_bRadiant Pages,
_c2026.
300 _aviii, 304 p.; hb
650 _a Geoinformatics
650 _a GIS
650 _a Spatial technology
650 _aRemote sensing
942 _cTB
999 _c52062
_d52062